000 00321nam a2200097Ia 4500
008 220120s9999||||xx |||||||||||||| ||und||
100 _aKavya, A.D, Shamika, K.C, Poojitha, M.G and Teena, W.M
_912320
245 0 _aARM based power card
260 _aCoorg Institute of Technology
_bPonnampet
_c2011
650 _aCOMPUTER SCIENCE
999 _c137906
_d137906